000 01554pam a2200301 a 4500
999 _c331986
_d331986
001 2050007
003 NUST
005 20171106144832.0
008 930615s1993 vaua b 001 0 eng
010 _a 93011549
020 _a188136934X :
_c$60.00 (est.)
040 _aDLC
_cDLC
_dDLC
050 0 0 _aTD201
_b.W337 no. 21
_aTD746
082 0 0 _a628.168 GIL
_a628.3
_220
245 0 0 _aInstrumentation in wastewater treatment facilities /
_cprepared by Task Force on Instrumentation in Wastewater Treatment Facilities, Harold D. Gilman, chairman ... [et al.].
260 _aAlexandria, VA :
_bWater Environment Federation,
_c1993.
300 _axxiv, 332 p. :
_bill. ;
_c26 cm.
440 0 _aManual of practice ;
_vno. 21
_96011
500 _a"[Prepared] under the direction of the Facilities Development Subcommittee of the Technical Practice Committee."
501 _aP.B
504 _aIncludes bibliographical references and index.
650 0 _aSewage disposal plants
_xEquipment and supplies.
_96012
700 1 _aGilman, Harold D.
_96013
710 2 _aWater Environment Federation.
_bTask Force on Instrumentation in Wastewater Treatment Facilities.
_96014
710 2 _aWater Environment Federation.
_bFacilities Development Subcommittee.
_95962
730 0 _aPrimer for computerized wastewater applications.
_96015
906 _a7
_bcbc
_corignew
_d1
_eocip
_f19
_gy-gencatlg
942 _2ddc
_cBK
_kIESE